| 000 | 00633nam a2200241Ia 4500 | ||
|---|---|---|---|
| 003 | OSt | ||
| 005 | 20220924144152.0 | ||
| 006 | a|||||r|||| 00| 0 | ||
| 007 | ta | ||
| 008 | 220923b |||||||| |||| 00| 0 urd d | ||
| 020 | _c30.00 | ||
| 024 | _a312535 | ||
| 037 | _cTextual | ||
| 040 |
_aARTS _cARTS _burd |
||
| 041 |
_2urd _aurd |
||
| 082 | _aO168,1L75:g, L7;M1 | ||
| 100 | _aHussain Khwaja Tehwar | ||
| 245 | 0 |
_aIntekhab Kalam-e-Zafar _b Fun-o-shakhsiyat |
|
| 260 | _c1981 | ||
| 650 | _aURDU POETRY | ||
| 942 |
_hO168,1L75:g, L7;M1 _cTEXL _2CC |
||
| 999 |
_c456317 _d456317 |
||